<?xml version="1.0" encoding="UTF-8"?>
<collection xmlns="http://www.loc.gov/MARC21/slim">
 <record>
  <leader>01188nam a22002057a 4500</leader>
  <controlfield tag="001">NCT_99252</controlfield>
  <controlfield tag="008">220312b        xxu||||| |||| 00| 0 vie d</controlfield>
  <datafield tag="999" ind1=" " ind2=" ">
   <subfield code="c">4964</subfield>
   <subfield code="d">4964</subfield>
  </datafield>
  <datafield tag="020" ind1=" " ind2=" ">
   <subfield code="a">9786043212570</subfield>
   <subfield code="c">76000</subfield>
  </datafield>
  <datafield tag="082" ind1="0" ind2="4">
   <subfield code="2">23rd ed.</subfield>
   <subfield code="a">616.33</subfield>
   <subfield code="b">B256D</subfield>
  </datafield>
  <datafield tag="245" ind1="0" ind2="0">
   <subfield code="a">Bệnh dạ dày và cách điều trị</subfield>
   <subfield code="c">Hoàng Thuý (Biên soạn)</subfield>
  </datafield>
  <datafield tag="260" ind1=" " ind2=" ">
   <subfield code="a">H.</subfield>
   <subfield code="b">Hồng Đức</subfield>
   <subfield code="c">2021</subfield>
  </datafield>
  <datafield tag="300" ind1=" " ind2=" ">
   <subfield code="a">199 tr.</subfield>
   <subfield code="c">21cm</subfield>
  </datafield>
  <datafield tag="490" ind1="0" ind2=" ">
   <subfield code="a">Cẩm nang cho người bệnh</subfield>
  </datafield>
  <datafield tag="520" ind1="3" ind2=" ">
   <subfield code="a">Nội dung sách trình bày khái quát chung về bệnh dạ dày; một số bệnh dạ dày thường gặp và một số bệnh dạ dày khác; một số vấn đề liên quan đến dạ dày; cách phòng và trị bệnh bằng chế độ sinh hoạt cho người già và thực đơn dinh dưỡng cho người đau dạ dày.</subfield>
  </datafield>
  <datafield tag="653" ind1=" " ind2=" ">
   <subfield code="a">Y đa khoa</subfield>
  </datafield>
  <datafield tag="700" ind1="1" ind2=" ">
   <subfield code="a">Hoàng Thuý</subfield>
   <subfield code="e">Biên soạn</subfield>
  </datafield>
  <datafield tag="942" ind1=" " ind2=" ">
   <subfield code="2">ddc</subfield>
   <subfield code="c">BK</subfield>
  </datafield>
  <datafield tag="952" ind1=" " ind2=" ">
   <subfield code="0">0</subfield>
   <subfield code="1">0</subfield>
   <subfield code="2">ddc</subfield>
   <subfield code="4">0</subfield>
   <subfield code="6">616_330000000000000_B256D</subfield>
   <subfield code="7">0</subfield>
   <subfield code="9">22387</subfield>
   <subfield code="a">000001</subfield>
   <subfield code="b">000001</subfield>
   <subfield code="d">2022-03-12</subfield>
   <subfield code="o">616.33 B256D</subfield>
   <subfield code="p">MD.19267</subfield>
   <subfield code="r">2022-03-12</subfield>
   <subfield code="v">76000.00</subfield>
   <subfield code="w">2022-03-12</subfield>
   <subfield code="y">BK</subfield>
  </datafield>
  <datafield tag="980" ind1=" " ind2=" ">
   <subfield code="a">Thư viện Trường Đại học Nam Cần Thơ</subfield>
  </datafield>
 </record>
</collection>
